000 00369nam a22001697a 4500
005 20160617165630.0
008 160617b xxu||||| |||| 00| 0 eng d
020 _a978-81-203-3115-0
041 _aeng
082 _b8052
100 _aBhote Keki R.
_92164
245 _aSix Sigma
260 _bPHI
_c2008
300 _a387
650 _aManagement
_9241
942 _cBK
999 _c3021
_d3020